000 00351nam a2200133Ia 4500
008 240624s9999 xx 000 0 und d
041 _aeng
082 _a658.15 MIL
100 _aMILEVSKY MOSHE A
245 _aARE YOU A STOCK OR A BOND CREATE YOUR OW
260 _c2009
_aNew Jersey
_bFT Press
300 _axxix, : 208 : p. : cm. ; 26
365 _cRS
999 _c21626
_d21626